Library Banner

Muslaman tareekh navees(مسلمان تاریخ نویس)/ (Record no. 102794)

MARC details
000 -LEADER
fixed length control field 00425nam a22001457a 4500
005 - DATE AND TIME OF LATEST TRANSACTION
control field 20180208094050.0
008 - FIXED-LENGTH DATA ELEMENTS--GENERAL INFORMATION
fixed length control field 180208b xxu||||| |||| 00| 0 eng d
040 ## - CATALOGING SOURCE
Transcribing agency PK-LaUMT
082 ## - DEWEY DECIMAL CLASSIFICATION NUMBER
Classification number PKAC 297.09092
Item number SAE-M
100 ## - MAIN ENTRY--PERSONAL NAME
Personal name Saeed Akthar
245 ## - TITLE STATEMENT
Title Muslaman tareekh navees(مسلمان تاریخ نویس)/
Statement of responsibility, etc Saeed Akthar
260 ## - PUBLICATION, DISTRIBUTION, ETC. (IMPRINT)
Place of publication, distribution, etc لاہور:
Name of publisher, distributor, etc ادارہ معارف اسلامی،
300 ## - PHYSICAL DESCRIPTION
Extent 127
942 ## - ADDED ENTRY ELEMENTS (KOHA)
Koha item type Books
Holdings
Withdrawn status Lost status Damaged status Home library Current library Date acquired Full call number Barcode Date last seen Price effective from Koha item type
      UMT Main Campus UMT Main Campus 2018-02-08 PKAC 297.09092 SAE-M 118898 2018-02-08 2018-02-08 Books